000 01735cam a22003734a 4500
999 _c10376
_d10376
003 OSt
005 20220315193812.0
008 100427s2009 sp ae bc s000 0 eng c
010 _a 2010424283
020 _a9788496842441
020 _a8496842444
035 _a(OCoLC)ocn430051320
042 _apcc
043 _ae-sp---
050 0 0 _aNA2705.5
_b.A73 2009
082 0 0 _a720
_222
245 0 0 _aArchitectures without place, 1968-2008 /
_c[Ramon Faura Coll, Santi Ibarra, Antonio Pizza, publication].
260 _aBarcelona :
_bDepartament de Cultura i Mitjans de Comunicació, Generalitat de Catalunya :
_bCollegi d Arquitectes de Catalunya :
_bArts Santa Mònica,
_cc2009.
300 _a267, [20] p. :
_bill. (some col.), plans ;
_c24 cm. +
_e1 CD-ROM (4 3/4 in.)
500 _aCatalog of an exhibition held from 25 June to 20 September 2009 at Arts Santa Mònica, Barcelona.
500 _aTitle of accompanying CD-ROM: Arquitectures sense lloc, 1968-2008.
504 _aIncludes bibliographical references.
650 0 _aUnbuilt architectural projects
_zSpain
_zCatalonia
_xHistory
_y20th century
_vExhibitions.
650 0 _aUnbuilt architectural projects
_zSpain
_zCatalonia
_xHistory
_y21st century
_vExhibitions.
650 0 _aLost architecture
_zSpain
_zCatalonia
_xHistory
_y20th century
_vExhibitions.
650 0 _aLost architecture
_zSpain
_zCatalonia
_xHistory
_y21st century
_vExhibitions.
700 1 _aColl, Ramon Faura.
700 1 _aIbarra, Santi.
700 1 _aPizza, Antonio.
710 2 _aCentre d'Art Santa Mònica (Barcelona, Spain)
740 0 2 _aArquitectures sense lloc, 1968-2008.
942 _2ddc